logo

Bir Sreshtho Munshi Abdur Rouf Library
Jhenaidah Cadet College

Of pains and panics / (Record no. 8959)

MARC details
000 -LEADER
fixed length control field 01065cam a22003014a 4500
001 - CONTROL NUMBER
JCCL Control Number 8959
003 - CONTROL NUMBER IDENTIFIER
JCCL marc code BD-JhCC
005 - DATE AND TIME OF LATEST TRANSACTION
control field 20180306102333.0
008 - FIXED-LENGTH DATA ELEMENTS--GENERAL INFORMATION
fixed length control field 100323s2010 bg 001 0 eng d
020 ## - INTERNATIONAL STANDARD BOOK NUMBER
International Standard Book Number 9789842000805
035 ## - SYSTEM CONTROL NUMBER
system control number (BD-JhCC)8959
040 ## - CATALOGING SOURCE
Original cataloging agency DKAGE
Transcribing agency DKAGE
Modifying agency DLC
041 ## - LANGUAGE CODE
Language code of Book eng
050 #4 - LIBRARY OF CONGRESS CALL NUMBER
Classification number DS393.8
Item number .A83 2010
082 04 - DEWEY DECIMAL CLASSIFICATION NUMBER
Classification number 954.92
DDC Edition number 22
Author mark and Year ASA 2010
100 0# - MAIN ENTRY--PERSONAL NAME
Personal name Asafuddowlah,
Dates associated with a name 1936-
245 10 - TITLE STATEMENT
Title Of pains and panics /
Statement of responsibility, etc Asafuddowlah.
260 ## - PUBLICATION, DISTRIBUTION, ETC. (IMPRINT)
Place of publication, distribution, etc Dhaka :
Name of publisher, distributor, etc Adorn Publication,
Date of publication, distribution, etc 2010.
300 ## - PHYSICAL DESCRIPTION
Pagination 606 p. ;
Dimensions 24 cm.
500 ## - GENERAL NOTE
General note Includes indexes.
505 0# - FORMATTED CONTENTS NOTE
Formatted contents note pt. 1. Timeless timepieces : articles on religion, philosophy & lives -- pt. 2. Peaks and valleys : articles on music, art & society -- pt. 3. The home stretch : articles on national issues -- pt. 4. Tossed by gales : articles on international issues.
650 #0 - SUBJECT ADDED ENTRY--TOPICAL TERM
Topical term or geographic name as entry element Community development
Geographic subdivision Bangladesh.
650 #0 - SUBJECT ADDED ENTRY--TOPICAL TERM
Topical term or geographic name as entry element World politics.
651 #0 - SUBJECT ADDED ENTRY--GEOGRAPHIC NAME
Geographic name Bangladesh
General subdivision Civilization.
651 #0 - SUBJECT ADDED ENTRY--GEOGRAPHIC NAME
Geographic name Bangladesh
General subdivision Politics and government.
942 ## - ADDED ENTRY ELEMENTS (KOHA)
Source of classification or shelving scheme Dewey Decimal Classification
Koha item type Books
Holdings
Source of classification or shelving scheme Damaged status Not for loan Home library Current library Shelving location Date of accession Cost, normal purchase price Total Checkouts Full call number Barcode Date last seen Copy number Koha item type
Dewey Decimal Classification     JCC Rouf Library JCC Rouf Library General Stacks 03/06/2018 1200.00   954.92 ASA 2010 11258 03/06/2018 C - 1 Books

JCC Library | Contacts | JCC Home

Last Update on 23 September 2017
Copyright @ 2017-2020 JCC Rouf Library
Rouf Library, Jhenidah Cadet College (JCC), Bangladesh